[Event "Cullera op 23rd"]
[Site "Valencia"]
[Date "2002.07.21"]
[Round "4"]
[White "Hernandez, Ivan"]
[Black "Costa Costa, Enrique"]
[Result "1-0"]
[WhiteElo "2246"]
[BlackElo "2047"]
[PlyCount "67"]
[EventDate "2002.07.18"]
[EventType "swiss"]
[EventRounds "9"]
[EventCountry "ESP"]
[SourceTitle "CBM 089 Extra"]
[Source "ChessBase"]
[SourceDate "2002.09.10"]
[SourceVersion "2"]
[SourceVersionDate "2002.09.10"]
[SourceQuality "1"]

1. d4 c5 2. d5 e5 3. e4 d6 4. Nc3 a6 5. a4 Be7 6. Nf3 Bg4 7. Be2 Bxf3 8. Bxf3 Bg5 9. 0-0 Bxc1 10. Qxc1 Ne7 11. g3 0-0 12. Bg2 Nd7 13. a5 f5 14. exf5 Nxf5 15. Ne4 Nd4 16. Qd1 Qe7 17. c3 Nb5 18. Qd3 h6 19. Rae1 Rae8 20. Re2 Nf6 21. Nd2 Qc7 22. Nc4 Re7 23. Rfe1 Nd7 24. Bh3 Kh8 25. f4 Ref7 26. fxe5 Nxe5 27. Rxe5 dxe5 28. Nxe5 Rf6 29. Ng6+ Rxg6 30. Qxg6 Qf7 31. Qxf7 Rxf7 32. Re8+ Kh7 33. Be6 Rf6 34. Re7 1-0

[Event "Cullera op 23rd"]
[Site "Valencia"]
[Date "2002.??.??"]
[Round "9"]
[White "Marin, Irina Luiza"]
[Black "Hernandez, Ivan"]
[Result "0-1"]
[WhiteElo "2261"]
[BlackElo "2182"]
[PlyCount "64"]
[EventDate "2002.07.18"]
[EventType "swiss"]
[EventRounds "9"]
[EventCountry "ESP"]
[SourceTitle "CBM 089 Extra"]
[Source "ChessBase"]
[SourceDate "2002.09.10"]
[SourceVersion "2"]
[SourceVersionDate "2002.09.10"]
[SourceQuality "1"]

1. g3 d5 2. Nf3 Nf6 3. Bg2 c6 4. 0-0 Bf5 5. d3 e6 6. Nbd2 Be7 7. Qe1 h6 8. e4 Bh7 9. Qe2 0-0 10. b3 a5 11. a3 c5 12. Bb2 Nc6 13. Ne5 a4 14. f4 Nd4 15. Qd1 axb3 16. cxb3 Qb6 17. Kh1 Rfd8 18. Ng4 Rac8 19. Bxd4 cxd4 20. Nxf6+ Bxf6 21. f5 Bg5 22. b4 Rc3 23. Nb3 dxe4 24. dxe4 d3 25. Nc5 Rc2 26. h4 Be3 27. fxe6 fxe6 28. Qf3 Bxc5 29. bxc5 Qxc5 30. Rab1 b6 31. Rb3 Rxg2 32. Qxg2 d2 0-1

[Event "PER-chT"]
[Site "Peru"]
[Date "2000.??.??"]
[Round "?"]
[White "Cruz Estrada, Filemon"]
[Black "Hernandez, Ivan"]
[Result "1/2-1/2"]
[WhiteElo "2355"]
[BlackElo "2195"]
[PlyCount "40"]
[EventDate "2000.??.??"]
[EventType "team"]
[EventRounds "11"]
[EventCountry "PER"]
[SourceTitle "EXT 2002"]
[Source "ChessBase"]
[SourceDate "2001.11.25"]
[SourceVersion "1"]
[SourceVersionDate "2001.11.25"]
[SourceQuality "1"]

1. c4 Nf6 2. Nc3 g6 3. g3 Bg7 4. Bg2 0-0 5. Nf3 d6 6. 0-0 e5 7. d3 Nc6 8. Bg5 h6 9. Bxf6 Bxf6 10. Rb1 Bg7 11. b4 a6 12. a4 Rb8 13. b5 axb5 14. axb5 Ne7 15. Ne1 Be6 16. Nd5 Qd7 17. Nc2 Kh8 18. Nxe7 Qxe7 19. Ra1 Rfd8 20. Ra5 d5 1/2-1/2

[Event "PER-ch sf 48th"]
[Site "Lima"]
[Date "2000.??.??"]
[Round "1"]
[White "Hernandez, Ivan"]
[Black "Barreto Carreno, Carlos"]
[Result "1-0"]
[WhiteElo "2195"]
[BlackElo "2253"]
[PlyCount "77"]
[EventDate "2000.07.24"]
[EventType "swiss"]
[EventRounds "9"]
[EventCountry "PER"]
[SourceTitle "EXT 2001"]
[Source "ChessBase"]
[SourceDate "2000.11.22"]
[SourceVersion "1"]
[SourceVersionDate "2000.11.22"]
[SourceQuality "1"]

1. d4 Nf6 2. c4 g6 3. Nc3 Bg7 4. e4 d6 5. Be2 0-0 6. Bg5 c5 7. dxc5 Qa5 8. Bd2 Qxc5 9. Nf3 Be6 10. Rc1 Qc8 11. 0-0 Nc6 12. h3 Qd8 13. b3 Rc8 14. Bd3 a6 15. Qe2 Nd7 16. Bb1 Nde5 17. Rfd1 Nxf3+ 18. Qxf3 Nd4 19. Qd3 Rb8 20. Be3 Nc6 21. Qe2 Qa5 22. Nd5 Bxd5 23. cxd5 Ne5 24. f4 Nd7 25. Rc4 Rfc8 26. Rdc1 Rxc4 27. Qxc4 Qd8 28. Bd3 Nf6 29. Qc7 Qe8 30. Ba7 Ra8 31. Qxb7 Nh5 32. Be3 a5 33. Rc7 Bf6 34. g4 Rb8 35. Qc6 Ng7 36. g5 Qxc6 37. dxc6 Bc3 38. Rb7 Rc8 39. c7 1-0

[Event "PER-ch"]
[Site "Lima"]
[Date "1999.02.21"]
[Round "10"]
[White "Moreno, William"]
[Black "Hernandez, Ivan"]
[Result "1/2-1/2"]
[WhiteElo "2055"]
[BlackElo "2195"]
[PlyCount "42"]
[EventDate "1999.02.??"]
[EventType "swiss"]
[EventRounds "9"]
[EventCountry "PER"]
[SourceTitle "EXT 2000"]
[Source "ChessBase"]
[SourceDate "1999.11.16"]
[SourceVersion "1"]
[SourceVersionDate "1999.11.16"]
[SourceQuality "1"]

1. d4 Nf6 2. c4 e6 3. g3 c5 4. d5 exd5 5. cxd5 d6 6. Nc3 g6 7. Bg2 Bg7 8. Nf3 0-0 9. 0-0 a6 10. a4 Nbd7 11. Bf4 Qe7 12. Re1 Re8 13. h3 Nh5 14. Bg5 Qf8 15. e4 h6 16. Bd2 Rb8 17. Rb1 b5 18. axb5 axb5 19. b4 cxb4 20. Rxb4 Nc5 21. Bf1 Bd7 1/2-1/2